Genealogía del delito y de la pena
Uloženo v:
| Hlavní autor: | |
|---|---|
| Médium: | Kniha |
| Jazyk: | španělština |
| Vydáno: |
Valparaíso
Imprenta Kegan
1929
|
| Témata: | |
| Tagy: |
Přidat tag
Žádné tagy, Buďte první, kdo vytvoří štítek k tomuto záznamu!
|
MARC
| LEADER | 00000nam a2200000 a 4500 | ||
|---|---|---|---|
| 001 | UCU9374 | ||
| 003 | CL-VaPUC | ||
| 008 | 960816e19290000CL |||||||||||||||||spa|d | ||
| 082 | 0 | 4 | |a 345.02 |b BRA |2 21 |
| 100 | 0 | |a Bravo, Alfredo Guillermo |e author |9 368415 | |
| 245 | 1 | 0 | |a Genealogía del delito y de la pena |
| 300 | |a 126 p | ||
| 942 | |c BK | ||
| 945 | |d 19960816 00:00:00 |a rbrito | ||
| 260 | |a Valparaíso |b Imprenta Kegan |c 1929 | ||
| 650 | 7 | |a DERECHO PENAL |2 CL-VaPUC |9 11 | |
| 650 | 0 | |a Derecho procesal penal |9 255496 | |
| 650 | 0 | |a Delito |9 336975 | |
| 650 | 7 | |a PENA |2 CL-VaPUC |9 336490 | |
| 583 | |a last modification |c 19960816 00:00:00 |k Rodrigo Vera | ||
| 999 | |c 251131 |d 251129 | ||
| 952 | |0 0 |1 0 |4 0 |6 345_020000000000000_BRA_1929 |7 0 |8 A |9 270103 |a BIBDER |b BIBDER |d 2019-11-19 |i 1809202 |o 345.02 BRA 1929 |p 1809202 |r 2023-01-25 |w 2019-11-19 |y BK |k DER | ||